| 000 | 01209nam0a22002891 4500 | ||
|---|---|---|---|
| 001 | v19\rc\1696072 | ||
| 005 | 20061002155512.7 | ||
| 035 | _a(NLR Aleph) 004798880 | ||
| 090 |
_a4807859 _c4807859 |
||
| 100 | _a20061002e18971897|||y0rusy50 ca | ||
| 101 | 0 | _arus | |
| 102 | _aRU | ||
| 105 | _ay z ||||| | ||
| 200 | 1 |
_aСлучай приобретенной гематометры _e(Чит. в заседании О-ва 24 янв. 1897 г.) _f[Соч.] Д-ра Г.Л. Ходаковского _g(Из Клиники проф. Феноменова) |
|
| 210 |
_aКазань _cтипо-лит. Ун-та _d1897 |
||
| 215 |
_a6 с. _d25 |
||
| 309 | _aБез тит. л. и обл. | ||
| 311 | _aОтт. из "Дневника О-ва врачей при Казан. ун-те". 1897 г., вып. 3 | ||
| 488 | 0 | _12001#$aДневник Общества врачей при Казанском университете$v1897, вып. 3 | |
| 700 | 1 |
_aХодаковский _bГ. Л. _f1867- _gГустав Леонович |
|
| 801 | 0 |
_aRU _bNLR _gpsbo |
|
| 801 | 0 |
_aRU _bRuMoRGB _2psbo |
|
| 801 | 1 |
_aRU _bProSoft-M _2rusmarc |
|
| 852 |
_aNLR _j18.179.1.317 |
||
| 899 |
_aRuMoRGB _jL 3/575 |
||
| 942 | _cBOOK | ||
| 980 | _aNB | ||